| 000 | 00837cab a2200217 4500 | ||
|---|---|---|---|
| 001 | ABS55986 | ||
| 008 | 090401t1996 xxu||||| |||| 00| 0 eng d | ||
| 035 | _a(Sirsi) u20277 | ||
| 041 | _aeng | ||
| 100 | _aMcMaster-Christie, A. | ||
| 245 | _aUnearthing the new regime | ||
| 260 | _c1996 | ||
| 350 | _a0 | ||
| 490 |
_aThe Waste Manager _v25(9) October 1996, 26-30(5) |
||
| 520 | _aWeighs up the issues on contaminated land and how the new guidance regime will operate under part IIA of the Environmental Protection Act 1990. Covers designation of contaminated land, liable persons and remediation. Timetable of guidance implementation to April 1998. | ||
| 650 | _aCONTAMINATED LAND | ||
| 650 | _aENVIRONMENTAL PROTECTION ACT 1990 PART IIA | ||
| 690 | _aENVIRONMENTAL AND LAND CONSULTANCY | ||
| 942 | _n0 | ||
| 948 | _c04/03/1997 | ||
| 999 |
_c13585 _d13585 |
||